Statistics for Swimming: Tokyo Olympic Champions

Click here to take the quiz!

General Stats

  • This quiz has been taken 69 times
  • The average score is 18 of 35

Answer Stats

HintAnswer% Correct
Men's 50m FreeCaeleb Dressel
100%
Men's 100m FreeCaeleb Dressel
100%
Men's 100m FlyCaeleb Dressel
86%
Men's 4x100 Free RelayUnited States
84%
Men's 4x100 Medley RelayUnited States
84%
Men's 100m BreastAdam Peaty
76%
Men's 4x200m Free RelayGreat Britain
73%
Women's 1500m FreeKatie Ledecky
67%
Women's 800m FreeKatie Ledecky
65%
Men's 200m FlyKristof Milak
65%
Men's 1500m FreeBobby Finke
57%
Men's 800m FreeBobby Finke
55%
Men's 200m BackEvgeny Rylov
51%
Women's 4x100 Medley RelayAustralia
49%
Women's 4x100 Free RelayAustralia
49%
Men's 100m BackEvgeny Rylov
49%
Mixed 4x100 Medley RelayGreat Britain
47%
Women's 400m FreeAriarne Titmus
45%
Men's 200m FreeTom Dean
45%
Men's 400m IMChase Kalisz
41%
Women's 4x200 Free RelayChina
41%
Women's 100m BackKaylee McKeown
41%
Women's 200m BackKaylee McKeown
41%
Men's 200m BreastZac Stubblety-Cook
41%
Women's 200m FreeAriarne Titmus
39%
Women's 100m BreastLydia Jacoby
37%
Men's 400m FreeAhmed Hafnaoui
33%
Women's 100m FreeEmma McKeon
33%
Men's 200m IMWang Shun
33%
Women's 50m FreeEmma McKeon
31%
Women's 100m FlyMaggie MacNeil
31%
Women's 200m BreastTatjana Schoenmaker
22%
Women's 400m IMYui Ohashi
18%
Women's 200m IMYui Ohashi
18%
Women's 200m FlyZhang Yufei
16%

Score Distribution

Percentile by Number Answered

Percent of People with Each Score

Your Score History

You have not taken this quiz